| 000 | 00350nam a22001577a 4500 | ||
|---|---|---|---|
| 003 | SGT | ||
| 020 | _a9780407001417 | ||
| 082 |
_a618.2 _bP81J |
||
| 100 | _aJEFFCOATE, SIR NORMAN | ||
| 245 | _aPRINCIPLES OF GYNECOLOGY | ||
| 250 | _a4TH | ||
| 260 |
_aLONDON _bBUTTER WORTH PUB _c1981 |
||
| 300 | _a759 | ||
| 650 | _aOBST. & GYNE | ||
| 942 |
_2ddc _cBK |
||
| 999 |
_c34860 _d34860 |
||